[Event "Lima Palma Memorial U1850 1st"]
[Site "Lima"]
[Date "2018.01.23"]
[Round "3.5"]
[White "Fernandez, Leandro Daniel"]
[Black "Alvarado Mendoza, Juan Jose"]
[Result "0-1"]
[WhiteElo "1683"]
[BlackElo "1759"]
[PlyCount "60"]
[EventDate "2018.01.23"]
[EventType "swiss"]
[EventRounds "8"]
[EventCountry "PER"]
[SourceTitle "EXT 2024"]
[Source "ChessBase"]
[SourceDate "2023.10.10"]
[SourceVersion "1"]
[SourceVersionDate "2023.10.10"]
[SourceQuality "1"]

1. d4 d5 2. Nf3 Nf6 3. Bf4 e6 4. e3 Bd6 5. Bg3 0-0 6. Bd3 b6 7. Nbd2 Bb7 8. Qe2 Ne4 9. c3 Qe7 10. a4 a6 11. Bc2 f6 12. Nxe4 dxe4 13. Nd2 f5 14. Nc4 Nd7 15. 0-0 Kh8 16. b4 e5 17. dxe5 Nxe5 18. Bb3 Bd5 19. Rfd1 Nd3 20. Bxd6 cxd6 21. Nd2 Bc6 22. Nc4 f4 23. exf4 Nxf4 24. Qe3 Qg5 25. g3 Nh3+ 26. Kg2 Rxf2+ 27. Qxf2 Nxf2 28. Kxf2 Rf8+ 29. Ke1 d5 30. Ke2 dxc4 0-1

[Event "Lima Surco op 4th"]
[Site "Lima"]
[Date "2017.10.29"]
[Round "6"]
[White "Pizzardo, Salvador"]
[Black "Alvarado Mendoza, Juan Jose"]
[Result "1-0"]
[WhiteElo "1865"]
[BlackElo "1736"]
[PlyCount "75"]
[EventDate "2017.10.15"]
[EventType "swiss"]
[EventRounds "7"]
[EventCountry "PER"]
[SourceTitle "EXT 2019"]
[Source "ChessBase"]
[SourceDate "2018.10.10"]
[SourceVersion "1"]
[SourceVersionDate "2018.10.10"]
[SourceQuality "1"]

1. d4 d5 2. Nf3 Nf6 3. Bf4 e6 4. e3 Bd6 5. Ne5 0-0 6. Bd3 c5 7. 0-0 Qb6 8. b3 Nc6 9. c3 Ne7 10. Nd2 Ng6 11. Nxg6 hxg6 12. Bxd6 Qxd6 13. f4 b6 14. Qe1 Bb7 15. Nf3 Ne4 16. Ne5 cxd4 17. cxd4 Rfc8 18. Rf3 Rc7 19. Rh3 Qd8 20. Rh4 Rac8 21. g3 Rc3 22. Bxe4 dxe4 23. Rh8+ Kxh8 24. Nxf7+ Kg8 25. Nxd8 Bd5 26. g4 R3c7 27. Kf2 Rxd8 28. Rc1 Rdc8 29. Rxc7 Rxc7 30. Kg3 Rc2 31. Kh4 Rxa2 32. h3 a5 33. Kg5 Rc2 34. Kxg6 Rc6 35. Kg5 Bxb3 36. Qb1 a4 37. Qxe4 Bd5 38. Qe5 1-0

[Event "Lima Surco op 2nd"]
[Site "Lima"]
[Date "2017.07.09"]
[Round "4"]
[White "Alvarado Mendoza, Juan Jose"]
[Black "Marcelo, Christopher"]
[Result "0-1"]
[WhiteElo "1732"]
[BlackElo "1856"]
[PlyCount "52"]
[EventDate "2017.07.08"]
[EventType "swiss"]
[EventRounds "9"]
[EventCountry "PER"]
[SourceTitle "EXT 2018"]
[Source "ChessBase"]
[SourceDate "2017.10.13"]
[SourceVersion "1"]
[SourceVersionDate "2017.10.13"]
[SourceQuality "1"]

1. e4 c5 2. Nf3 d6 3. d4 cxd4 4. Nxd4 Nf6 5. Nc3 a6 6. Be3 e5 7. Nb3 Be6 8. Nd5 Nbd7 9. f3 Bxd5 10. exd5 g6 11. Be2 Bg7 12. 0-0 0-0 13. c4 b6 14. Rb1 a5 15. Qe1 a4 16. Nd2 Nc5 17. Qf2 Nh5 18. b4 axb3 19. axb3 f5 20. b4 Nd7 21. Nb3 f4 22. Bc1 Ra2 23. Rd1 Bf6 24. Nd2 Bh4 25. Qf1 Ng3 26. Qe1 Nf5 0-1

[Event "Lima Surco op 2nd"]
[Site "Lima"]
[Date "2017.07.09"]
[Round "3"]
[White "Lazaro Cuevas, Ronald Anthony"]
[Black "Alvarado Mendoza, Juan Jose"]
[Result "0-1"]
[WhiteElo "1389"]
[BlackElo "1732"]
[PlyCount "92"]
[EventDate "2017.07.08"]
[EventType "swiss"]
[EventRounds "9"]
[EventCountry "PER"]
[SourceTitle "EXT 2018"]
[Source "ChessBase"]
[SourceDate "2017.10.13"]
[SourceVersion "1"]
[SourceVersionDate "2017.10.13"]
[SourceQuality "1"]

1. d4 d5 2. Nf3 Nf6 3. Bf4 e6 4. e3 Be7 5. Nbd2 0-0 6. Bd3 b6 7. h3 Bb7 8. 0-0 Ne4 9. c4 c5 10. Qe2 Nd7 11. Rac1 Ndf6 12. a3 Bd6 13. Bxd6 Qxd6 14. cxd5 Qxd5 15. Bc4 Qh5 16. dxc5 Nxc5 17. Nd4 Qg6 18. f3 Nh5 19. Rfd1 e5 20. Nb5 e4 21. f4 Rfd8 22. Nd4 Ng3 23. Qg4 Nh5 24. Qxg6 hxg6 25. b4 Nd7 26. Bb5 a6 27. Rc7 axb5 28. Rxb7 Rxa3 29. Nc6 Re8 30. Rxd7 Rxe3 31. Kf2 Rc3 32. Ne7+ Kf8 33. Nxe4 Rc2+ 34. R1d2 Rxd2+ 35. Nxd2 Rxe7 36. Rxe7 Kxe7 37. Nb3 Nxf4 38. Nd4 Nd3+ 39. Ke3 Nxb4 40. Nxb5 Nc6 41. Kf4 Kd7 42. g4 f6 43. g5 f5 44. h4 Nd8 45. Nd4 Ne6+ 46. Nxe6 Kxe6 0-1

[Event "Santiago del Surco IRT Ricardo Palma"]
[Site "Santiago del Surco"]
[Date "2016.07.23"]
[Round "7.2"]
[White "Ramos Castro, Aldair"]
[Black "Alvarado Mendoza, Juan Jose"]
[Result "1-0"]
[WhiteElo "1708"]
[BlackElo "1701"]
[PlyCount "123"]
[EventDate "2016.07.18"]
[EventType "swiss"]
[EventRounds "7"]
[EventCountry "PER"]
[SourceTitle "EXT 2024"]
[Source "ChessBase"]
[SourceDate "2023.10.10"]
[SourceVersion "1"]
[SourceVersionDate "2023.10.10"]
[SourceQuality "1"]

1. b4 e5 2. Bb2 Bxb4 3. Bxe5 Nf6 4. c3 Be7 5. e3 Nc6 6. Bg3 0-0 7. d4 d5 8. Bd3 Re8 9. Qc2 Bg4 10. Nd2 Bh5 11. Ngf3 Bg6 12. Bxg6 hxg6 13. Rb1 Rb8 14. Ne5 Bd6 15. f4 Ne7 16. 0-0 c5 17. Rf3 Qc7 18. Qd3 Rec8 19. Be1 c4 20. Qc2 b5 21. h3 b4 22. Nf1 bxc3 23. Rxb8 Rxb8 24. Bxc3 Ne4 25. Ng3 Nxc3 26. Qxc3 Rb1+ 27. Rf1 Qb6 28. Nf3 a5 29. Nd2 Rxf1+ 30. Ngxf1 Qb4 31. Qc2 Nc6 32. Kf2 Qa3 33. Nb1 Qb4 34. Nfd2 a4 35. Nc3 a3 36. Nxd5 Qb2 37. Qxb2 axb2 38. Nb1 Nb4 39. Nxb4 Bxb4 40. Ke2 c3 41. Kd3 Ba5 42. Kc2 f5 43. Na3 Kf7 44. Nc4 Bc7 45. a4 Ke6 46. a5 Kd5 47. a6 Bb8 48. Na3 Ke4 49. Nb1 Kd5 50. Nxc3+ Kc6 51. Kxb2 Kb6 52. Nd5+ Kxa6 53. Ne7 Kb5 54. Kc3 g5 55. fxg5 f4 56. e4 Bd6 57. Nf5 Bf8 58. g6 Kc6 59. h4 Kd7 60. d5 Bd6 61. Nxd6 Kxd6 62. Kd4 1-0

[Event "Santiago del Surco IRT Ricardo Palma"]
[Site "Santiago del Surco"]
[Date "2016.07.18"]
[Round "1.4"]
[White "Vallejos, Miluska"]
[Black "Alvarado Mendoza, Juan Jose"]
[Result "0-1"]
[WhiteElo "1493"]
[BlackElo "1701"]
[PlyCount "50"]
[EventDate "2016.07.18"]
[EventType "swiss"]
[EventRounds "7"]
[EventCountry "PER"]
[SourceTitle "EXT 2024"]
[Source "ChessBase"]
[SourceDate "2023.10.10"]
[SourceVersion "1"]
[SourceVersionDate "2023.10.10"]
[SourceQuality "1"]

1. e4 c5 2. Nf3 d6 3. d4 cxd4 4. Nxd4 Nf6 5. Nc3 a6 6. Nf3 Nbd7 7. Bg5 e6 8. Qe2 Qc7 9. Bf4 b5 10. a3 Bb7 11. Rd1 Be7 12. Rd3 0-0 13. h3 Rfd8 14. g4 Nb6 15. Bg5 Nc4 16. Bxf6 Bxf6 17. g5 Be7 18. Bg2 Nxb2 19. Re3 Nc4 20. Rd3 Nxa3 21. Nd1 d5 22. 0-0 dxe4 23. Rxd8+ Rxd8 24. Ne1 Bxg5 25. f3 Rd2 0-1